| 000 | 02197cam a2200373 a 4500 | ||
|---|---|---|---|
| 001 | 16512420 | ||
| 003 | OSt | ||
| 005 | 20180117085941.0 | ||
| 008 | 101021s2011 nyua b 001 0 eng | ||
| 010 | _a 2010043260 | ||
| 020 | _a9780415991278 (hardback) | ||
| 040 |
_aDLC _cDLC _dDLC |
||
| 042 | _apcc | ||
| 050 | 0 | 0 |
_aRJ505.C63 _bC648 2011 |
| 082 | 0 | 0 |
_a618.92/89142 _222 |
| 084 |
_aPSY006000 _aPSY008000 _aPSY036000 _2bisacsh |
||
| 245 | 0 | 0 |
_aCognitive behavioral therapy for the busy child psychiatrist and other mental health professionals : _brubrics and rudiments / _cauthored by Robert D. Friedberg ... [et al.] ; illustrations by Jolene H. Garcia. |
| 260 |
_aNew York : _bBrunner-Routledge, _cc2011. |
||
| 300 |
_axvi, 380 p. : _bill. ; _c24 cm. |
||
| 504 | _aIncludes bibliographical references (p. 317-361) and index. | ||
| 520 | _a"Teaching Child Psychiatrists Cognitive Behavioral Therapy is an essential resource for clinical child psychologists, psychiatrists and psychotherapists, and mental health professionals. Since 2001, psychiatry residency programs have required resident competency in five specific psychotherapies, including cognitive-behavioral therapy. This unique text is a guidebook for instructors and outlines fundamental principles, while offering creative applications of technique to ensure that residency training programs are better equipped to train their staff"-- | ||
| 650 | 0 | _aCognitive therapy for children. | |
| 650 | 0 | _aCognitive therapy for teenagers. | |
| 650 | 0 | _aChild psychotherapy. | |
| 650 | 0 | _aAdolescent psychotherapy. | |
| 650 | 7 |
_aPSYCHOLOGY / Psychotherapy / Child & Adolescent _2bisacsh. |
|
| 650 | 7 |
_aPSYCHOLOGY / Cognitive Psychology _2bisacsh. |
|
| 650 | 7 |
_aPSYCHOLOGY / Mental Health _2bisacsh. |
|
| 700 | 1 |
_aFriedberg, Robert D., _d1955- |
|
| 906 |
_a7 _bcbc _corignew _d1 _eecip _f20 _gy-gencatlg |
||
| 942 |
_2ddc _cBK |
||
| 999 |
_c2443 _d2443 |
||